| 000 | 00000nam 2200000zi 4500 |
| 001 | 9.946035 |
| 003 | CaOODSP |
| 005 | 20250115102719 |
| 006 | m o d f |
| 007 | cr |n||||||||| |
| 008 | 241210t19901990onca obi f|0| 0 eng d |
| 040 | |aCaOODSP|beng|erda|cCaOODSP |
| 043 | |an-cn--- |
| 086 | 1 |aNR24-29/1990E-PDF |
| 245 | 00|aCanadian Plumbing Code 1990. |
| 250 | |aSixth edition 1990. |
| 264 | 1|aOttawa : |bAssociate Committee on the National Building Code, National Research Council of Canada, |c1990. |
| 264 | 4|c©1990 |
| 300 | |a1 online resource (viii, 110 pages) : |billustrations + |efirst revisions and errata (4 unnumbered pages), second revisions and errata (4 unnumbered pages), third revisions and errata (4 unnumbered pages), fourth revisions and errata (3 unnumbered pages) |
| 336 | |atext|btxt|2rdacontent |
| 337 | |acomputer|bc|2rdamedia |
| 338 | |aonline resource|bcr|2rdacarrier |
| 500 | |aIssued also in French under title: Code canadien de la plomberie 1990. |
| 500 | |aDigitized edition from print [produced by National Research Council of Canada]. |
| 500 | |a"NRCC No. 30625." |
| 504 | |aIncludes bibliographical references and index. |
| 650 | 0|aPlumbing|xLaw and legislation|zCanada. |
| 650 | 0|aPlumbing|xStandards|zCanada. |
| 710 | 2 |aNational Research Council of Canada. |bAssociate Committee on the National Building Code, |eissuing body. |
| 775 | 08|tCode canadien de la plomberie 1990.|w(CaOODSP)9.946037 |
| 794 | |tNational Plumbing Code of Canada 1995 / |w(CaOODSP)9.946887 |
| 795 | |tCanadian Plumbing Code 1985.|b1985 edition|w(CaOODSP)9.946029 |
| 856 | 40|qPDF|s6.02 MB|uhttps://publications.gc.ca/collections/collection_2024/cnrc-nrc/NR24-29-1990-eng.pdf|zCode |
| 856 | 40|qPDF|s102 KB|uhttps://publications.gc.ca/collections/collection_2024/cnrc-nrc/NR24-29-1990-1-eng.pdf|zFirst Revisions and Errata |
| 856 | 40|qPDF|s82 KB|uhttps://publications.gc.ca/collections/collection_2024/cnrc-nrc/NR24-29-1990-2-eng.pdf|zSecond Revisions and Errata |
| 856 | 40|qPDF|s100 KB|uhttps://publications.gc.ca/collections/collection_2024/cnrc-nrc/NR24-29-1990-3-eng.pdf|zThird Revisions and Errata |
| 856 | 40|qPDF|s63 KB|uhttps://publications.gc.ca/collections/collection_2024/cnrc-nrc/NR24-29-1990-4-eng.pdf|zFourth Revisions and Errata |